El magdaleniense inferior y medio en la costa cantábrica / (Record no. 147839)

MARC details
000 -LEADER
campo de control de longitud fija 01254nam a2200313 i 4500
001 - NÚMERO DE CONTROL
campo de control 147839
003 - IDENTIFICADOR DE NÚMERO DE CONTROL
campo de control ES-MaACL
005 - FECHA Y HORA DE LA ÚLTIMA TRANSACCIÓN
campo de control 20250813063329.0
007 - CAMPO FIJO DE DESCRIPCIÓN FÍSICA--INFORMACIÓN GENERAL
campo de control de longitud fija t|
008 - DATOS DE LONGITUD FIJA--INFORMACIÓN GENERAL
campo de control de longitud fija 071005s1981 sp ||||1| spa d
017 ## - NÚMERO DE COPYRIGHT O DE DEPÓSITO LEGAL
Número de copyright o de depósito legal SA 130-1981
Agencia que asigna Oficina Depósito Legal Cantabria
020 ## - NÚMERO INTERNACIONAL ESTÁNDAR DEL LIBRO
Número Internacional Estándar del Libro 84-600-2392-3
080 ## - NÚMERO DE LA CLASIFICACIÓN DECIMAL UNIVERSAL
Número de la Clasificación Decimal Universal 903.2(463.3)
080 ## - NÚMERO DE LA CLASIFICACIÓN DECIMAL UNIVERSAL
Número de la Clasificación Decimal Universal 903(463.3)
100 1# - ENTRADA PRINCIPAL--NOMBRE DE PERSONA
Nombre de persona Utrilla Miranda, Pilar,
Fechas asociadas al nombre 1951-
Término indicativo de función/relación Autor
9 (RLIN) 112341
245 13 - MENCIÓN DEL TÍTULO
Título El magdaleniense inferior y medio en la costa cantábrica /
Mención de responsabilidad, etc. por Pilar Utrilla Miranda
260 ## - PUBLICACIÓN, DISTRIBUCIÓN, ETC.
Lugar de publicación, distribución, etc. Santander :
Nombre del editor, distribuidor, etc. Centro de Investigación y Museo de Altamira,
Fecha de publicación, distribución, etc. 1981
300 ## - DESCRIPCIÓN FÍSICA
Extensión 335 páginas :
Otras características físicas ilustraciones ;
Dimensiones 31 cm
Material acompañante/anejo
490 1# - MENCIÓN DE SERIE
Mención de serie Monografías (Centro de Investigación y Museo de Altamira)
Designación de volumen o secuencia 4
RLIN 241422
500 ## - NOTA GENERAL
Nota general Índice
650 #4 - PUNTO DE ACCESO ADICIONAL DE MATERIA--TÉRMINO DE MATERIA
Término de materia o nombre geográfico como elemento de entrada Magdaleniense-
Subdivisión geográfica Cantabria (Comunidad Autónoma)
9 (RLIN) 241721
651 #4 - PUNTO DE ACCESO ADICIONAL DE MATERIA--NOMBRE GEOGRÁFICO
Nombre geográfico Cantabria (Comunidad Autónoma)-
Subdivisión general Restos arqueológicos prehistóricos
9 (RLIN) 241722
710 2# - ENTRADA AGREGADA--NOMBRE DE ENTIDAD CORPORATIVA
Nombre de entidad corporativa o nombre de jurisdicción como elemento de entrada Museo y Centro de Investigación de Altamira
Término indicativo de función/relación Editor
9 (RLIN) 5930
830 #0 - PUNTO DE ACCESO ADICIONAL DE SERIE-TÍTULO UNIFORME
Título uniforme Monografías (Centro de Investigación y Museo de Altamira)
Designación de volumen o secuencia 4
9 (RLIN) 241422
852 ## - LOCALIZACIÓN
Ubicación ES-MaACL
Sublocalización o colección R.102280
Ubicación en estantería Depósito 2
Número de control de estantería L-1766
942 ## - ELEMENTOS DE ENTRADA SECUNDARIOS (KOHA)
Fuente del sistema de clasificación o colocación Clasificación decimal universal
Tipo de ítem Koha Libro impreso
Suprimir en OPAC No
Holdings
Estatus retirado Estado de pérdida Estado de daño No para préstamo Biblioteca de origen Biblioteca actual Ubicación en estantería Fecha de adquisición Fuente de adquisición Total de préstamos Signatura topográfica completa Código de barras Visto por última vez Precio de reemplazo Tipo de ítem Koha
        Biblioteca del Ateneo de Madrid Biblioteca del Ateneo de Madrid Depósito 2 17/01/2008     L-1766 1154286 23/02/2023 23/02/2023 Libro impreso